Creation and doxology : (Record no. 20855)

MARC details
000 -LEADER
fixed length control field 01346cam a2200337 i 4500
001 - CONTROL NUMBER
control field 20499193
003 - CONTROL NUMBER IDENTIFIER
control field OSt
005 - DATE AND TIME OF LATEST TRANSACTION
control field 20251202160950.0
008 - FIXED-LENGTH DATA ELEMENTS--GENERAL INFORMATION
fixed length control field 180516s2018 ilu b 001 0 eng
010 ## - LIBRARY OF CONGRESS CONTROL NUMBER
LC control number 2018022667
020 ## - INTERNATIONAL STANDARD BOOK NUMBER
International Standard Book Number 9780830853861
Qualifying information pbk. : alk. paper
035 ## - SYSTEM CONTROL NUMBER
System control number 20499193
040 ## - CATALOGING SOURCE
Original cataloging agency DLC
Language of cataloging eng
Transcribing agency DLC
Description conventions rda
Modifying agency DLC
042 ## - AUTHENTICATION CODE
Authentication code pcc
050 00 - LIBRARY OF CONGRESS CALL NUMBER
Classification number BS651
Item number .C69155 2018
082 00 - DEWEY DECIMAL CLASSIFICATION NUMBER
Classification number 231.7/65
Edition number 23
245 00 - TITLE STATEMENT
Title Creation and doxology :
Remainder of title the beginning and end of God's good world /
Statement of responsibility, etc. edited by Gerald Hiestand and Todd Wilson.
264 #1 - PRODUCTION, PUBLICATION, DISTRIBUTION, MANUFACTURE, AND COPYRIGHT NOTICE
Place of production, publication, distribution, manufacture Downers Grove, Illinois :
Name of producer, publisher, distributor, manufacturer IVP Academic, an imprint of InterVarsity Press,
Date of production, publication, distribution, manufacture, or copyright notice [2018]
300 ## - PHYSICAL DESCRIPTION
Extent x, 224 pages ;
Dimensions 23 cm.
336 ## - CONTENT TYPE
Content type term text
Content type code txt
Source rdacontent
337 ## - MEDIA TYPE
Media type term unmediated
Media type code n
Source rdamedia
338 ## - CARRIER TYPE
Carrier type term volume
Carrier type code nc
Source rdacarrier
490 0# - SERIES STATEMENT
Series statement Center for Pastor Theologians (Series)
504 ## - BIBLIOGRAPHY, ETC. NOTE
Bibliography, etc Includes bibliographical references and indexes.
650 #0 - SUBJECT ADDED ENTRY--TOPICAL TERM
Topical term or geographic name as entry element Creation.
700 1# - ADDED ENTRY--PERSONAL NAME
Personal name Hiestand, Gerald,
Dates associated with a name 1974-
Relator term editor.
776 08 - ADDITIONAL PHYSICAL FORM ENTRY
Relationship information Online version:
Title Creation and doxology
Place, publisher, and date of publication Downers Grove : InterVarsity Press, 2018
International Standard Book Number 9780830874033
Record control number (DLC) 2018029823
906 ## - LOCAL DATA ELEMENT F, LDF (RLIN)
a 7
b cbc
c orignew
d 1
e ecip
f 20
g y-gencatlg
942 ## - ADDED ENTRY ELEMENTS (KOHA)
Source of classification or shelving scheme Library of Congress Classification
Koha item type General Collection
Holdings
Withdrawn status Lost status Source of classification or shelving scheme Not for loan Home library Current library Shelving location Date acquired Source of acquisition Inventory number Total Checkouts Full call number Barcode Date last seen Copy number Price effective from Koha item type
    Library of Congress Classification   Kabarak, Main Campus Kabarak, Main Campus General Stacks 02/12/2025 Donation 2025/2380   BS651 .C691 2018 C.1 39674 02/12/2025 C.1 02/12/2025 General Collection
Designed with assistance from East African Informatics Ltd